000 00799 a2200217 4500
999 _c2123
_d2123
020 _a9788132104025 (pbk.)
020 _a8132104021 (pbk.)
050 0 0 _aHF5387 ETH 2010
100 _aGupta, Ananda Das
_eeditor
245 0 0 _aEthics, business and society :
_bmanaging responsibly /
_cedited by Ananda Das Gupta.
264 _aLos Angeles
_bResponse Books
_c2010
300 _axxix, 212 p. :
_bill. ;
500 _aAlso published by SAGE Publications
504 _aIncludes bibliographical references.
650 0 _aBusiness ethics.
650 0 _aSocial responsibility of business.
650 0 _aCorporate governance.
700 1 _aDas Gupta, Ananda,
_d1955-
942 _2lcc
_cBK
_h5387
_iETH
_kHF